000 00439nam a2200181Ia 4500
001 16190
005 20260306170251.0
008 260306t2016||||xx |||||||||||||| ||und||
041 _aESP
082 _a347.3
_bK59
100 _aKlass, Gregory
_eAUT
245 0 _aPhilosophical foundations of contract law
260 _c2016
300 _aviii, 387 páginas :
_c25 cm.
650 _aGEN
654 _aCDE
942 _cLIB
_dJUS
_fJUS
_2ddc
_n
999 _c16190
_d16190